Langman, embriología médica (Registro nro. 13102)

Detalles MARC
000 -CABECERA
Longitud fija campo de control 00985nam a2200277 a 4500
001 - NÚMERO DE CONTROL
Número de control ES-MaREB00995701-6
003 - IDENTIFICADOR DELl NÚMERO DE CONTROL
Identificador del número de control OSt
005 - FECHA Y HORA DE LA ÚLTIMA TRANSACCIÓN
Fecha y hora de la última transacción 20140821143735.0
008 - CÓDIGOS DE INFORMACIÓN DE LONGITUD FIJA
Códigos de información de longitud fija 090429s2010 esp spa
020 ## - NÚMERO INTERNACIONAL NORMALIZADO PARA LIBROS
Número Internacional Normalizado para Libros (ISBN) 978-84-96921-46-7
040 ## - FUENTE DE LA CATALOGACIÓN
Centro transcriptor BMC
082 ## - NÚMERO DE LA CLASIFICACIÓN DECIMAL DEWEY
Númeroo de clasificación 612.64
100 1# - PUNTO DE ACCESO PRINCIPAL-NOMBRE DE PERSONA
9 (RLIN) 4318
Nombre de persona Sadler, Thomas W.
245 10 - MENCIÓN DE TÍTULO
Título Langman, embriología médica
Mención de responsabilidad, etc. T.W. Sadler ; ilustraciones e imágenes, Jill Leland ... [et al. ; traducción, Elisabet Carreras i Goicochea, Marta Vigo Anglada]
250 ## - MENCIÓN DE EDICIÓN
Mención de edición 11ª ed
260 ## - PUBLICACIÓN, DISTRIBUCIÓN, ETC. (PIE DE IMPRENTA)
Lugar de publicación, distribución, etc. Barcelona [etc.]
Nombre del editor, distribuidor, etc. Wolters Kluwer
Fecha de publicación, distribución, etc. cop. 2010
300 ## - DESCRIPCIÓN FÍSICA
Extensión X, 387 p.
Otras características físicas il. col.
Dimensiones 26 cm
594 ## - NOTA AL TÍTULO Y MENCIÓN DE RESPONSABIBLIDAD
Nota Al Título Y Mención De Responsabilidad Traducción de: Langman's medical embryology, 11th ed.
650 24 - PUNTO DE ACCESO ADICIONAL DE MATERIA - TÉRMINO DE MATERIA
Término de materia o nombre geográfico como elemento inicial Embriología humana
9 (RLIN) 4344
700 1# - PUNTO DE ACCESO ADICIONAL - NOMBRE DE PERSONA
Nombre de persona Langman, Jan
9 (RLIN) 4345
700 1# - PUNTO DE ACCESO ADICIONAL - NOMBRE DE PERSONA
Nombre de persona Leland, Jill
9 (RLIN) 23758
700 1# - PUNTO DE ACCESO ADICIONAL - NOMBRE DE PERSONA
Nombre de persona Carreras i Goicoechea, Elisabet
9 (RLIN) 24116
700 1# - PUNTO DE ACCESO ADICIONAL - NOMBRE DE PERSONA
Nombre de persona Vigo Anglada, Marta
9 (RLIN) 19613
740 0# - PUNTO DE ACCESO ADICIONAL - TÍTULO RELACIONADO O ANALÍTICO NO CONTROLADO
Título relacionado o analítico no controlado Langman embriología médica : con orientación médica
942 ## - ENTRADA DE ELEMENTOS AGREGADOS (KOHA)
Fuente de clasificaión o esquema Dewey Decimal Classification
Koha [por defecto] tipo de item 1- Monografias
Existencias
Suprimido Perdido Fuente de clasificación o esquema Estropeado Restricciones de uso No para préstamo Código de colección Localización permanente Localización actual Localización en estanter&íacute;as Fecha adquisición Fuente de adquisición Número de inventario Préstamos totales Renovaciones totales Signatura completa Código de barras Fecha última consulta Fecha último préstamo Coste, precio reemplazado Fecha del precio de reemplazo Tipo de item de Koha Prestado
NULL NULL Dewey Decimal Classification NULL Prestable NULL NULL Biblioteca Miguel de Cervantes - UNICAES Biblioteca Miguel de Cervantes - UNICAES Sala Principal 20/08/2014 Donación - Facultad de Ciencias y Humanidades 020683 18 1 612.64 SAD lan 1021040 03/11/2025 03/11/2025 25.20 20/08/2014 1- Monografias  
NULL NULL Dewey Decimal Classification NULL Prestable NULL NULL Biblioteca Miguel de Cervantes - UNICAES Biblioteca Miguel de Cervantes - UNICAES Sala Principal 20/08/2014 Donación - Facultad de Ciencias y Humanidades 020684 17   612.64 SAD lan 1021041 04/03/2025 18/02/2025 25.20 20/08/2014 1- Monografias  
NULL NULL Dewey Decimal Classification NULL Prestable NULL NULL Biblioteca Miguel de Cervantes - UNICAES Biblioteca Miguel de Cervantes - UNICAES Sala Principal 20/08/2014 Donación - Facultad de Ciencias y Humanidades 020685 22 2 612.64 SAD lan 1021042 16/02/2024 16/02/2024 25.20 20/08/2014 1- Monografias 19/02/2024